=LDR 00000nam 2200000 4500 =001 INLIS000000000022084 =005 20130612120857 =008 ***********************************Ind** =035 ##$$0010-061300000022084 =041 ##$$a Ind =082 ##$$a 631.42 =090 ##$$a 631.42, Ris p =100 ##$$a Rismunandar =245 ##$$a Pengetahuan dasar tentang perabukan, Rismunandar =260 ##$$a 1990 $b Bandung =300 ##$$a xii, 97 hlm, 21 cm =650 ##$$a konservasi tanah =850 ##$$a NBPNMAT =990 ##$$a 00045858 =990 ##$$a 125.620/Pro.98 =990 ##$$a 00055267